000 00643nam a2200241Ia 4500
003 OSt
005 20220924122539.0
006 a|||||r|||| 00| 0
007 ta
008 220923b |||||||| |||| 00| 0 urd d
024 _a319650
037 _cTextual
040 _aARTS
_cARTS
_burd
041 _2urd
_aurd
082 _aO168,6NWA1,1, J8
100 _aAhmad Waheed Au.
_9189858
245 0 _aGard-e-raah
260 _aLuckhnow
_bMarkaz press India
_c1958
300 _a106p.
_ccm.
650 _aURDU PROSE
_926866
942 _hO168,6NWA1,1, J8
_cTEXL
_2CC
999 _c412065
_d412065